000 00574nam a2200193Ia 4500
008 151121s9999||||xx |||||||||||||| ||und||
082 _a811/पद्मा
082 _bHNW-12692
100 _aपद्मा
245 _aप्रीतिपथावर
260 _b"एन।के। पब्लिशिंग हाऊस, पुणे।"
260 _c--
300 _a10
600 _aपद्मा
630 _aप्रीतिपथावर
700 _aपद्मा
730 _aप्रीतिपथावर
942 _cBOOK
999 _c1217082
_d1217079